| 000 | 00674nam a2200193Ia 4500 | ||
|---|---|---|---|
| 008 | 151121s9999||||xx |||||||||||||| ||und|| | ||
| 082 | _a294/भावे | ||
| 082 | _bHNW-44192 | ||
| 100 | _aभावे ह। अ। | ||
| 245 | _aकथासरित्सागर खंड - 1 | ||
| 260 | _b"वरदा बुक्स सेनापती बापट मार्ग , पुणे" | ||
| 260 | _c-- | ||
| 300 | _a454 | ||
| 600 | _aभावे ह। अ। | ||
| 630 | _aकथासरित्सागर खंड - 1 | ||
| 700 | _aभावे ह। अ। | ||
| 730 | _aकथासरित्सागर खंड - 1 | ||
| 942 | _cBOOK | ||
| 999 |
_c1231959 _d1231956 |
||